LEADER 01720oam 2200457zu 450 001 9911006669603321 005 20210807003521.0 010 $a0-8155-1619-3 035 $a(CKB)111056552536414 035 $a(SSID)ssj0000071435 035 $a(PQKBManifestationID)11980010 035 $a(PQKBTitleCode)TC0000071435 035 $a(PQKBWorkID)10091548 035 $a(PQKB)11553291 035 $a(EXLCZ)99111056552536414 100 $a20160829d1994 uy 101 0 $aeng 181 $ctxt 182 $cc 183 $acr 200 10$aApplication of HAZOP and What-If safety reviews to the petroleum, petrochemical and chemical industries 210 31$a[Place of publication not identified]$cNoyes Publications$d1994 300 $aBibliographic Level Mode of Issuance: Monograph 311 $a0-8155-1353-4 531 $aAPPLICATION OF HAZOP & WHAT-IF SAFETY REVIEWS TO THE PETROLEUM, PETROCHEMICAL & CHEMICAL INDUSTRIES 531 $aAPPLICATION OF HAZOP AND WHAT-IF SAFETY REVIEWS TO THE PETROLEUM, PETROCHEMICAL & CHEMICAL INDUSTRIES 606 $aChemical engineering$xSafety measures 606 $aChemical & Materials Engineering$2HILCC 606 $aEngineering & Applied Sciences$2HILCC 606 $aChemical Engineering$2HILCC 615 0$aChemical engineering$xSafety measures. 615 7$aChemical & Materials Engineering 615 7$aEngineering & Applied Sciences 615 7$aChemical Engineering 676 $a660/.2804 700 $aNolan$b Dennis P.$023146 801 0$bPQKB 906 $aBOOK 912 $a9911006669603321 996 $aApplication of HAZOP and What-If safety reviews to the petroleum, petrochemical and chemical industries$94392100 997 $aUNINA